| 000 | 00508nam a2200181Ia 4500 | ||
|---|---|---|---|
| 003 | OSt | ||
| 005 | 20201228123124.0 | ||
| 008 | 190216s9999||||xx |||||||||||||| ||und|| | ||
| 020 | _a9788182644236 | ||
| 040 | _coclc | ||
| 082 |
_a700 _bKOZ/M |
||
| 100 |
_aKozhikodan _97909 |
||
| 245 | 0 |
_aM T Yude Cinemakal / _cKozhikodan |
|
| 260 |
_bMathrubhumi Printing And Publishing, _aKozhikode: _c2007. |
||
| 300 | _a184p | ||
| 650 | _aNiroopanam | ||
| 942 |
_cBK _2ddc _h700 _iKOZ/M _k700 _mKOZ/M |
||
| 999 |
_c28974 _d28974 |
||